BIBLIOTECA

SENCICO

Diseño arquitectónico : (Registro nro. 5021)

Detalles MARC
000 -LEADER
fixed length control field 01365nam a22002777a 4500
003 - CONTROL NUMBER IDENTIFIER
control field PE SENCICO BE
005 - DATE AND TIME OF LATEST TRANSACTION
control field 20251020182709.0
008 - FIXED-LENGTH DATA ELEMENTS--GENERAL INFORMATION
fixed length control field 241205b |||||||| |||| 00| 0 eng d
020 ## - INTERNATIONAL STANDARD BOOK NUMBER
International Standard Book Number 978-968-24-3921-6
040 ## - CATALOGING SOURCE
Original cataloging agency PE SENCICO BE
Transcribing agency PE SENCICO BE
041 ## - LANGUAGE CODE
Language code of text/sound track or separate title spa
082 ## - DEWEY DECIMAL CLASSIFICATION NUMBER
Classification number 729
Item number M26
100 1# - MAIN ENTRY--PERSONAL NAME
9 (RLIN) 2751
Personal name Martínez Zárate, Rafael
Relator term autor
245 1# - TITLE STATEMENT
Title Diseño arquitectónico :
Remainder of title enfoque metodológico /
Statement of responsibility, etc. Rafael Martínez Zárate
250 ## - EDITION STATEMENT
Edition statement 1a ed.
260 ## - PUBLICATION, DISTRIBUTION, ETC.
Place of publication, distribution, etc. México, D. F. :
Name of publisher, distributor, etc. Trillas ;
Date of publication, distribution, etc. 1991
-- Reimp. 2009
300 ## - PHYSICAL DESCRIPTION
Extent 173 p. :
Other physical details diagrs. ;
Dimensions 21 cm.
505 0# - FORMATTED CONTENTS NOTE
Formatted contents note Fundamentación teórica -- Desarrollo de la investigación -- Desarrollo e investigación del proyecto arquitectónico, investigación del sistema arquitectónico, diseño de modelos de instrumentación, simbólico-tipológicos, segunda fase.
520 3# - SUMMARY, ETC.
Summary, etc. Sintetiza las experiencias del autor en metodología de la investigación en diseño y sus sistemas de ordenamiento, este libro presenta un marco general de referencia para que los estudiosos e interesados en la arquitectura y el diseño desarrollen sus propios procesos de trabajo.
650 10 - SUBJECT ADDED ENTRY--TOPICAL TERM
9 (RLIN) 18
Topical term or geographic name entry element Diseño arquitectónico
650 20 - SUBJECT ADDED ENTRY--TOPICAL TERM
9 (RLIN) 14
Topical term or geographic name entry element Evaluación de proyectos
650 20 - SUBJECT ADDED ENTRY--TOPICAL TERM
9 (RLIN) 897
Topical term or geographic name entry element Detalles arquitectónicos
650 20 - SUBJECT ADDED ENTRY--TOPICAL TERM
9 (RLIN) 821
Topical term or geographic name entry element Estilos arquitectónicos
910 ## - USER-OPTION DATA (OCLC)
User-option data hfp
-- hfp
-- hfp
942 ## - ADDED ENTRY ELEMENTS (KOHA)
Source of classification or shelving scheme Dewey Decimal Classification
Koha item type Libros
Existencias
Fecha de la última vez que lo usaron Pago total Signatura topográfica completa Código de barras Precio efectivo desde Tipo de documento Estado perdido Sistema de clasificación Estado dañado No es para préstamo Retirado Ubicación permanente Ubicación actual Fecha de adquisición
06/12/2024   729/M26 BibLima24120018 06/12/2024 Libros   Dewey Decimal Classification       Biblioteca Central Lima Biblioteca Central Lima 18/11/2024